|
|
|
|
| LEADER |
02135nam a22005415i 4500 |
| 001 |
978-1-137-56244-9 |
| 003 |
DE-He213 |
| 005 |
20160715195542.0 |
| 007 |
cr nn 008mamaa |
| 008 |
160112s2016 xxk| s |||| 0|eng d |
| 020 |
|
|
|a 9781137562449
|9 978-1-137-56244-9
|
| 024 |
7 |
|
|a 10.1007/978-1-137-56244-9
|2 doi
|
| 040 |
|
|
|d GrThAP
|
| 050 |
|
4 |
|a LC8-6691
|
| 072 |
|
7 |
|a JNA
|2 bicssc
|
| 072 |
|
7 |
|a EDU040000
|2 bisacsh
|
| 082 |
0 |
4 |
|a 370.1
|2 23
|
| 100 |
1 |
|
|a Castro, Luis S. Villacañas de.
|e author.
|
| 245 |
1 |
0 |
|a Critical Pedagogy and Marx, Vygotsky and Freire
|h [electronic resource] :
|b Phenomenal Forms and Educational Action Research /
|c by Luis S. Villacañas de Castro.
|
| 264 |
|
1 |
|a London :
|b Palgrave Macmillan UK :
|b Imprint: Palgrave Macmillan,
|c 2016.
|
| 300 |
|
|
|a V, 163 p.
|b online resource.
|
| 336 |
|
|
|a text
|b txt
|2 rdacontent
|
| 337 |
|
|
|a computer
|b c
|2 rdamedia
|
| 338 |
|
|
|a online resource
|b cr
|2 rdacarrier
|
| 347 |
|
|
|a text file
|b PDF
|2 rda
|
| 520 |
|
|
|a This book explores Marx's theory of the phenomenal forms in relation to critical pedagogy and educational action research, arguing that phenomenal forms pose a pedagogical obstacle to any endeavour that seeks to expand an individual's awareness of the larger social whole.
|
| 650 |
|
0 |
|a Education.
|
| 650 |
|
0 |
|a Philosophy and social sciences.
|
| 650 |
|
0 |
|a Phenomenology.
|
| 650 |
|
0 |
|a School management and organization.
|
| 650 |
|
0 |
|a School administration.
|
| 650 |
|
0 |
|a Higher education.
|
| 650 |
|
0 |
|a Education
|x Philosophy.
|
| 650 |
|
0 |
|a Educational psychology.
|
| 650 |
|
0 |
|a Education
|x Psychology.
|
| 650 |
1 |
4 |
|a Education.
|
| 650 |
2 |
4 |
|a Educational Philosophy.
|
| 650 |
2 |
4 |
|a Educational Psychology.
|
| 650 |
2 |
4 |
|a Administration, Organization and Leadership.
|
| 650 |
2 |
4 |
|a Phenomenology.
|
| 650 |
2 |
4 |
|a Philosophy of Education.
|
| 650 |
2 |
4 |
|a Higher Education.
|
| 710 |
2 |
|
|a SpringerLink (Online service)
|
| 773 |
0 |
|
|t Springer eBooks
|
| 776 |
0 |
8 |
|i Printed edition:
|z 9781349557622
|
| 856 |
4 |
0 |
|u http://dx.doi.org/10.1007/978-1-137-56244-9
|z Full Text via HEAL-Link
|
| 912 |
|
|
|a ZDB-2-EDA
|
| 950 |
|
|
|a Education (Springer-41171)
|